Manažérstvo výroby vo výrobnom podniku
Každý podnik by sa mal starať o spokojnosť zákazníkov vyrábaním kvalitných produktov. Vyrobiť požadovaný kvalitný produkt môže jedine efektívnym výrobným procesom, ktorý je potrebné neustále zlepšovať. Často používanou metódou pre zlepšovanie efektivity výrobného procesu je analýza hodnotového toku....
Gespeichert in:
| 1. Verfasser: | |
|---|---|
| Weitere Verfasser: | |
| Format: | Buchkapitel |
| Sprache: | Slowakisch |
| Schlagworte: | |
| Tags: |
Keine Tags, Fügen Sie das erste Tag hinzu!
|
MARC
| LEADER | 00000naa a2200000 4500 | ||
|---|---|---|---|
| 001 | 0225906 | ||
| 005 | 20240502073716.2 | ||
| 041 | 0 | |a slo | |
| 044 | |a SK | ||
| 245 | 1 | 0 | |a Manažérstvo výroby vo výrobnom podniku |c Martin Bosák, Anna Belasová |
| 520 | |a Každý podnik by sa mal starať o spokojnosť zákazníkov vyrábaním kvalitných produktov. Vyrobiť požadovaný kvalitný produkt môže jedine efektívnym výrobným procesom, ktorý je potrebné neustále zlepšovať. Často používanou metódou pre zlepšovanie efektivity výrobného procesu je analýza hodnotového toku. Metóda Lean Production v spoločnosti Toyota. | ||
| 610 | 2 | 0 | |a riadenie výroby |
| 610 | 2 | 0 | |a efektívnosť ekonomická |
| 610 | 2 | 0 | |a podnik výrobný |
| 610 | 2 | 0 | |a automobily |
| 610 | 2 | 0 | |a tok tovaru |
| 610 | 2 | 0 | |a spokojnosť zákazníkov |
| 610 | 2 | 0 | |a výroba štíhla |
| 100 | 1 | |a Bosák, Martin, 1967- | |
| 700 | 1 | |a Belasová, Anna | |